| 000 | 00519nam a2200181 a 4500 | ||
|---|---|---|---|
| 005 | 20140310183544.0 | ||
| 008 | 110926s19uu xx 00 eng d | ||
| 020 | _a9788132102335 | ||
| 050 |
_aHD 38.15 _b.M365 2010 |
||
| 245 |
_aManaging in changing times : _ba guide for the perplexed manager / |
||
| 260 |
_aNew Delhi, India : _bResponse Books, _c2010. |
||
| 300 |
_a398 p. : _bill. ; _c22 cm. |
||
| 500 | _aIncludes index. | ||
| 521 | _aBSBA | ||
| 650 | _aManagement. | ||
| 942 |
_cBK _2lcc _kFOR |
||
| 999 |
_c24840 _d24840 |
||